| 000 | 00956nam0a22002891 4500 | ||
|---|---|---|---|
| 001 | rc\3016623 | ||
| 005 | 20250806201211.0 | ||
| 035 | _a(NLR Aleph) 007158886 | ||
| 090 |
_a11318 _c11318 |
||
| 100 | _a20110926d1941 u y0rusy50 ca | ||
| 101 | 0 | _arus | |
| 102 | _aRU | ||
| 105 | _aa z ||||| | ||
| 200 | 1 | _aИгры, развлечения | |
| 210 |
_aСочи _cКурорт. газ. _d1941 |
||
| 215 |
_a16 ненум. с. _cил. _d10х14 см |
||
| 225 | 1 |
_aСерия "На досуге" _vВып. 4 |
|
| 300 | _aБез тит. л. | ||
| 300 | _aНа 2-й с. обл. указан составитель Г.М. Борисовский | ||
| 702 | 1 |
_aБорисовский _bГ.М. _gГеоргий Михайлович _4220 |
|
| 801 | 0 |
_aRU _bNLR _gpsbo |
|
| 801 | 1 |
_aRU _bELAR _2rusmarc |
|
| 852 |
_aNLR _jПр 80 Г-2/8 |
||
| 942 | _cBOOK | ||
| 945 | _aРоссийская национальная библиотека | ||
| 980 | _aNB | ||
| 980 | _aBV | ||